000 00460nam a2200133Ia 4500
008 100328s9999 xx 000 0 und d
082 _b66344
100 _aखांडेकर वि.स.
245 _aरिकामा देव्हारा.
260 _bमेहता पब्लिशिंग हाऊस.
630 _aरिकामा देव्हारा.
730 _aरिकामा देव्हारा.
942 _cBOOK
999 _c552084
_d552081